Countries Where Mercedes Are Built - Statistics

General Stats
  • This quiz has been taken 147 times
  • The average score is 19 of 31
Answer Stats
Country % Correct
Germany
98%
United States
91%
China
89%
United Kingdom
82%
Mexico
80%
Canada
79%
Australia
78%
Brazil
77%
Russia
75%
India
74%
Austria
71%
South Africa
70%
Spain
70%
Argentina
66%
Turkey
63%
Egypt
62%
South Korea
62%
Indonesia
59%
Thailand
57%
Vietnam
50%
Malaysia
49%
Colombia
48%
Algeria
46%
Finland
46%
Hungary
46%
Iran
45%
Taiwan
38%
Nigeria
35%
Serbia
26%
Bosnia and Herzegovina
23%
Jordan
22%
No matching quizzes found
Score Distribution
Percent of People with Each Score
Percentile by Number Answered
Your Score History
You have not taken this quiz